000 01794cam a2200265 4500
001 ABS68469
008 041118n2004 000 0 eng u
035 _a(Sirsi) u128030
245 _aR v Secretary of State for Environment Food and Rural Affairs ex p Ashbrook
260 _c2004
520 _a[2004] EWHC 2387 (Admin), 29 October 2004. Claimant A sought a declaration that the defendant SOS had acted unlawfully in granting consent under the Law of Property Act 1925 s194 for the erection of stock fencing on a common without holding a public inquiry. Considers statutory provision and interpretation of the term inquiries in s194 which is taken as meaning seeking information or referring to a public inquiry. Whilst recognising that s194 could be construed as stating that a public inquiry should be held in every instance it acknowledges that it would be impractical for a public inquiry to be held in all cases. "Held": that the SoS adopted the correct strategy in refusing to hold a public inquiry. Application rejected. View judgment at www.courtserrvice.gov.uk
590 _aABS
590 _aABS
590 _aABS
650 _aR V SOS ENVIRONMENT FOOD AND RURAL AFFAIRS EX P ASHBROOK
650 _aLAW OF PROPERTY ACT 1925 S194
650 _aFENCING
650 _aCOMMON LAND
650 _aPUBLIC INQUIRY
690 _aPROPERTY AND LAND LAW-CASE LAW
856 _uhttps://www.courtservice.gov.uk/judgmentsfiles/j2874/r-v-ssfef&ra.htm
_zview judgment on the Court Service website...
856 _uhttps://www.courtservice.gov.uk/judgmentsfiles/j2874/r-v-ssfef&ra.htm
_zview judgment on the Court Service website...
856 _uhttps://www.courtservice.gov.uk/judgmentsfiles/j2874/r-v-ssfef&ra.htm
_zview judgment on the Court Service website...
942 _n0
999 _c118332
_d118332